Southernmost Island Countries - Statistics

General Stats
  • This quiz has been taken 91 times
  • The average score is 9 of 11
Answer Stats
Latitude Countries % Correct
52°37'S New Zealand (Jacquemart Island)
97%
21°44'S Fiji (Conway Reef)
94%
22°21'S Tonga (ʻAta Island)
91%
20°15'S Vanuatu (Anatom)
89%
14°04'S Samoa (Nu'ulua Island)
86%
11º47'S Solomon Islands (East Rennell)
83%
11°26'S Kiribati (Flint, Line Islands)
81%
20°32'S Mauritius (Near Souillac)
81%
25°37'S Madagascar (Cape Vohimena)
80%
12°25'S Comoros (Île Canzouni, Mohéli)
73%
11°46'S Papua New Guinea (Vanatinai)
64%
No matching quizzes found
Score Distribution
Percent of People with Each Score
Percentile by Number Answered
Your Score History
You have not taken this quiz